| 000 | 00768nam a22001697a 4500 | ||
|---|---|---|---|
| 008 | 100314s2009 it|||||dd||| 001 0 ng d | ||
| 020 | _a9788854404977 | ||
| 082 |
_222 _a720.47 _bECO |
||
| 245 |
_aEco Structures : _bForms of Sustainable Architecture/ _cGianpaola Spirito... [et al .] |
||
| 260 |
_aVercelli : _bWhite Star, 2009. _c2009 |
||
| 300 |
_a303 p. : _bCol. ill.; _c38 cm. |
||
| 504 | _aIncludes bibliographical references(p.300) and index | ||
| 650 |
_912568 _aSustainable architecture |
||
| 650 |
_912569 _aSustainable buildings _vPictorial works. |
||
| 942 |
_2ddc _cBB |
||
| 999 |
_c13653 _d13653 |
||